000 00951nam a2200265Ia 4500
003 OSt
005 20220923211216.0
006 a|||||r|||| 00| 0
007 ta
008 220922b |||||||| |||| 00| 0 hin d
020 _a9788126703654 (hbk)
_c600
024 _a246,127
037 _b412, 28/01/2011, Eastern Book Linkers
_cTextual
040 _aARTS
_cARTS
_bhin
041 _2hin
_ahin
082 _aO152,6N13,1, P2
100 _aशर्मा, राम विलास
_9159685
245 0 _aआस्था और सौंदर्य
246 _aĀsthā aur sauandarya
260 _aनयी दिल्ली
_b राजकमल प्रकाशन
_c2002
300 _a257पृ.
_ccm.
650 _aहिन्दी साहित्य
_9156264
942 _hO152,6N13,1, P2
_cTEXL
_2CC
999 _c296920
_d296920